| 000 | 01532nam a2200241Ia 4500 | ||
|---|---|---|---|
| 003 | Ost | ||
| 005 | 20260507074850.0 | ||
| 008 | 260507s9999||||xx |||||||||||||| ||und|| | ||
| 020 | _a9960245926 | ||
| 040 | _cfsecg | ||
| 041 | _aara | ||
| 082 | _a658.57 | ||
| 100 |
_aلطفي، فاهيد _eمؤلف |
||
| 245 | 0 |
_aنظم دعم القرارات : _bإدارة العمليات وبحوث العمليات / _c فاهيد لطفي |
|
| 260 |
_aالرياض: _bدار المريخ للنشر, _c2007 |
||
| 300 |
_a575 صفحة؛ _bإيضاحات ؛ _c24 سم |
||
| 520 | _aيضم التشييد وعرض عام، بدء نظم البرامج، تحليل القرار بالجداول، تحليل القرار بالأشجار، تنبؤ السلاسل الزمنية، الانحدار المتعدد، تحليل الموقع، تحليل التخطيط الداخلي، موازنة الخط، البرمجة الخطية، البرمجة غير الكسرية العامة، طريقة التخصيص، تخطيط الانتاج، توكيد الجودة، تحليل المخزون1، تحليل المخزون2، تخطيط المتطلبات من المواد، جدولة ورشة العمل، ادارة المشروع، تحليل الصفوف، تحليل ماركوف، نماذج تدفق الشبكات. | ||
| 653 | _aإتخاذ القرارات- الإدارة | ||
| 653 | _aالإدارة | ||
| 653 | _aبحوث العمليات | ||
| 700 |
_aبيجلر، كار _eمؤلف ثانوي |
||
| 942 | _cكتاب | ||
| 999 |
_c41567 _d41567 |
||